000 00550nam a2200229Ia 4500
003 OSt
005 20221005122410.0
006 a|||||r|||| 00| 0
007 ta
008 221004b |||||||| |||| 00| 0 kan d
024 _a59301
037 _cTextual
040 _aCRL
_cCRL
_bkan
041 _2kan
_akan
082 _aE97, 33K6
100 _aRao Balasundara
_9219701
245 0 _aJeevasatvagalu
260 _c1966
650 _aCHEMISTRY
942 _hE97, 33K6
_cTEXL
_2cc
999 _c1044163
_d1044163